|
|
|
|
| LEADER |
00000nam0a2200000 4500 |
| 001 |
343180 |
| 005 |
20231102005530.0 |
| 010 |
|
|
|a 575111938X
|
| 035 |
|
|
|a (RuTPU)RU\TPU\book\373025
|
| 090 |
|
|
|a 343180
|
| 100 |
|
|
|a 20190704d2007 km y0rusy50 ca
|
| 101 |
0 |
|
|a rus
|
| 102 |
|
|
|a RU
|
| 105 |
|
|
|a a z 001zy
|
| 200 |
1 |
|
|a Томск - Волхов - Кенигсберг: фронтовой дневник начальника медицинской службы 19-й Гвардейской (366-й) стрелковой дивизии И. Т. Карпова
|f Государственный архив Томской области ; под ред. Б. П. Тренина
|
| 210 |
|
|
|a Томск
|c Изд-во Томского ун-та
|d 2007
|
| 215 |
|
|
|a 137 с.
|c ил.
|
| 225 |
1 |
|
|a Из истории земли Томской
|
| 320 |
|
|
|a Именной указатель: с. 124-126
|
| 320 |
|
|
|a Географический указатель: с. 127-130
|
| 320 |
|
|
|a Список сокращений: с. 131-134
|
| 320 |
|
|
|a Список использованных архивных фондов: с. 135
|
| 320 |
|
|
|a Список литературы: с. 135-136
|
| 330 |
|
|
|a Предлагаемая публикация фронтовых дневников начальника медицинской службы 366-й (10-й Гвардейской) стрелковой дивизии Ивана Тимофеевича Карпова продолжает серию документальных изданий "Из истории земли томской", посвященных участию томичей в Великой Отечественной войне. Публикуемые дневники участника трагических событий 1941-1942 гг. имеют особую значимость в связи с тем, что не подвергались военной цензуре, которую в обязательном порядке проходили письма с фронта. Читателям, особенно поколения конца XX в., дневники помогут представить образ мышления, стиль изложения, которые определялись особенностями эпохи, господствующей идеологии, условиями создания дневников, жизненным опытом автора. Для широкого круга читателей.
|
| 600 |
|
1 |
|a Карпов
|b И. Т.
|c участник Великой Отечественной войны
|c начальник медицинской службы 19-й Гвардейской (366-й) стрелковой дивизии
|g Иван Тимофеевич
|y Томск
|2 stltpush
|3 (RuTPU)RU\TPU\pers\44338
|9 21799
|
| 606 |
1 |
|
|a Томская область в Великой Отечественной войне 1941-1945
|2 stltpush
|3 (RuTPU)RU\TPU\subj\66914
|9 82890
|
| 606 |
1 |
|
|a Стрелковые войска в Великой Отечественной войне 1941-1945
|2 stltpush
|3 (RuTPU)RU\TPU\subj\72539
|9 86009
|
| 610 |
1 |
|
|a дневники
|
| 610 |
1 |
|
|a воспоминания
|
| 610 |
1 |
|
|a медицинская служба
|
| 610 |
1 |
|
|a 19-я Гвардейская стрелковая дивизия
|
| 610 |
1 |
|
|a 366-я стрелковая дивизия
|
| 610 |
1 |
|
|a письма
|
| 686 |
|
|
|a Т3(2)622-9
|v LBC/SL-A
|2 rubbk
|
| 686 |
|
|
|a Т3(2)622-35:Ц52
|v LBC/SL-A
|2 rubbk
|
| 702 |
|
1 |
|a Тренин
|b Б. П.
|4 340
|
| 712 |
0 |
2 |
|a Государственный архив Томской области
|2 stltpush
|3 (RuTPU)RU\TPU\col\126
|9 23209
|
| 801 |
|
1 |
|a RU
|b 63413507
|c 20190704
|
| 801 |
|
2 |
|a RU
|b 63413507
|c 20190909
|g RCR
|
| 942 |
|
|
|c BK
|